| 000 | 01222 a2200253 4500 | ||
|---|---|---|---|
| 008 | 090312t xxu||||| |||| 00| 0 hin d | ||
| 010 | _aHIN-77645 | ||
| 020 |
_a8187416580 _c125.00 |
||
| 035 | _aHN-50091 | ||
| 035 | _aB-317907 | ||
| 037 | _bD. B. Act. / pub | ||
| 082 | _a821 | ||
| 100 | _aगंगा प्रसाद विमल | ||
| 245 |
_aकुछ तो है _cगंगा प्रसाद विमल |
||
| 246 |
_aKucha to kai _bby Ganga Parsad Vimal |
||
| 260 |
_aदिल्ली _bआलोकपर्व प्रकाशन _c2006 |
||
| 300 |
_a115पृ _c22 सेमी (सजिल्द) |
||
| 490 | _a(भारतीय वाड्मय श्रृंखला) | ||
| 650 | _aहिन्दी कविताएँ | ||
| 650 | _aHindi Poerty | ||
| 942 |
_adpl _cHN _k/ _2ddc _h821 _mगंगाप्र |
||
| 999 |
_c2628 _d2628 |
||